Vista normal
Vista MARC
- Teología dogmática
Entrada Tema o Materia
Número de registros utilizados en: 1
001 - NUMERO DE CONTROL
- Campo de control: 6943
003 - IDENTIFICADOR DEL NUMERO DE CONTROL
- Campo de control: SpMaBN
005 - HORA Y FECHA DE LA ULTIMA TRANSACCIÓN
- Campo de control: 20220624174107.0
008 - CAMPO DE LONGITUD FIJA
- Campo fijo de descripción fija: 970527 n anznnbabn |a ana
016 ## -
- : BNE19971809817
040 ## -
- : SpMaBN
- : spa
- : SpMaBN
- : rdc
- : embne
042 ## -
- : 200606011109PCMPBC BNEP 00
080 ## -
- : 27-1"15"
- : mrf12
150 ## - ENCABEZAMIENTO DE MATERIA-TEMA
- Téma o Materia: Teología dogmática
- Subdivisión cronológica: S.XVI
450 ## - REFERENCIA DE ENVIO “VEASE” - MATERIA
- Encabezamiento temático : Teología dogmática
- Subdivisión general: Historia
- Subdivisión Cronológica: S.XVI
550 ## - REFERENCIA DE ENVIO "VEASE ADEMAS" - MATERIA
- Encabezamiento temático o nombre geográfico como elemento de entrada: Escuela de Salamanca
550 ## - REFERENCIA DE ENVIO "VEASE ADEMAS" - MATERIA
- Encabezamiento temático o nombre geográfico como elemento de entrada: Reforma
670 ## - FUENTE EN LA QUE SE LOCALIZARON DATOS
- Cita de la fuente : LCSH
- Información localizada : (Theology, Doctrinal-History-16th century)
670 ## - FUENTE EN LA QUE SE LOCALIZARON DATOS
- Cita de la fuente : RAMEAU
- Información localizada : (Théologie dogmatique-16e siècle)
